000 00458nmm a2200169Ia 4500
008 251105s9999||||xx |||||||||||||||||und||
020 _a9788498168846
041 _aspa
100 _aQuevedo, Francisco de
245 0 _aVida de Marco Bruto
264 _a[Madrid, España] :
_bLinkgua,
_c2011
300 _a102 páginas
490 _aPensamiento
650 _aSpanish narrative
856 _uhttps://public.digitaliapublishing.com/a/13478
942 _cCF
999 _c91520
_d91520